Nennen Sie die drittgrößte Stadt - 2 - Statistiken

Allgemein
  • Dieses Quiz wurde 62 mal gespielt
  • Das Durchschnittsergebnis liegt bei 11 aus 20
Antwortstatistiken
Hint Antwort % Korrekt
Frankreich Lyon
92%
Italien Neapel
88%
USA Chicago
86%
Niederlande Den Haag
80%
Vereinigtes Königreich Glasgow
74%
Japan Osaka
74%
China Peking
74%
Neuseeland Wellington
64%
Polen Lodz
56%
Kanada Calgary
50%
Dänemark Odense
44%
Saudi-Arabien Mekka
42%
Kroatien Rijeka
42%
Brasilien Salvador de Bahia
34%
Finnland Tampere
34%
Ägypten Gizeh
32%
Iran Isfahan
26%
Marokko Tanger
26%
Usbekistan Samarkand
16%
Namibia Walvis Bay
16%
Keine übereinstimmenden Quizze gefunden
Verteilung der Resultate
Anzahl Personen mit jedem Resultat
Perzentil nach korrekt beantworteten Fragen
Ihre Resultats-Entwicklung
Sie haben dieses Quiz noch nicht gespielt